Gaming Quiz

Random Gaming Quiz

Top 20 Best Selling PS3 Games Quiz Stats

 Plays Quiz not verified by Sporcle

Score 0/20 Timer 05:00
0 Plays Today
Number Sold Game Title % Correct
3.269 millionCall of Duty: Black Ops
72%
4.8 millionCall of Duty: Modern Warfare 2
68.5%
1.977 millionCall of Duty 4: Modern Warfare
63.1%
2.6 millionUncharted: Drake's Fortune
57.7%
3.8 millionUncharted 2: Among Thieves
53%
2.73 millionGrand Theft Auto IV
53%
3.8 millionUncharted 3: Drake's Deception
47%
3 millionLittle Big Planet
42.9%
1.46 millionGod of War III
33.9%
3 millionMetal Gear Solid 4: Guns of the Patriots
31.5%
Number Sold Game Title % Correct
1.83 millionCall of Duty: World at War
25.6%
7.43 millionGran Turismo 5
25%
2 millionKillzone 2
17.9%
1.99 millionInfamous
17.3%
1.7 millionHeavy Rain
13.7%
1.62 millionResident Evil 5
11.3%
2.89 millionFinal Fantasy XIII
10.7%
2.5 millionResistance: Fall of Man
9.5%
3.31 millionMotorStorm
6.5%
1.5 millionHeavenly Sword
3%

You're not logged in!

Compare scores with friends on all Sporcle quizzes.
OR
Log In

Show Comments

Extras

Top Quizzes Today


Score Distribution

Your Account Isn't Verified!

In order to create a playlist on Sporcle, you need to verify the email address you used during registration. Go to your Sporcle Settings to finish the process.

Report this User

Report this user for behavior that violates our Community Guidelines.

Details: